| 000 | 00426nam a2200157Ia 4500 | ||
|---|---|---|---|
| 008 | 210716s1982 xx 000 0 und d | ||
| 020 | _a0131796712 | ||
| 041 | _aeng | ||
| 082 | _a657.42 HORC | ||
| 100 | _aHorngren, Charles T. | ||
| 245 |
_aCost accounting: a managerial emphasis. _bManagerial emphasis. |
||
| 250 | _a5 | ||
| 260 |
_aNew Jersey _bPrentice hall Inc _c1982 |
||
| 300 | _axxi,997 | ||
| 650 | _aCost Accounting | ||
| 999 |
_c203062 _d203062 |
||